000 00663nam a2200169 4500
003 LK-CoMWRAF
005 20240217001411.0
008 231212b |||||||| |||| 00| 0 eng d
020 _a9789556254634
040 _aLK-CoMWRAF
_dLK-CoMWRAF
_eLK-CoMWRAF
041 _asin
082 _a346
_bSIR
100 _aසිරිපාල. නිමල්
245 _aශ්‍රී ලංකාවේ මුස්ලිම් ජනගහනයේ වර් ධනය පිළිබඳ ප්‍ර‍චාරය කරනු ලබන දුර් මත දුරලීම
260 _aColombo :
_bMuslim Women's Research and Action Forum - MWRAF,
942 _cBK
999 _c4366
_d4366